The organization of information

This book provides students, practicing librarians, and others interested in information organization with a clear discussion of the theory, principles, standards, and tools behind the organization of information in all variety of information environments, primarily libraries. Covers the different e...

Полное описание

Сохранить в:
Библиографические подробности
Главный автор: Taylor, Arlene G.
Формат:
Язык:Undetermined
Опубликовано: Westport, Conn. Libraries Unlimited 2004
Предметы:
Метки: Добавить метку
Нет меток, Требуется 1-ая метка записи!
Thư viện lưu trữ: Trung tâm Học liệu Trường Đại học Cần Thơ
LEADER 01137nam a2200193Ia 4500
001 CTU_127052
008 210402s9999 xx 000 0 und d
082 |a 025 
082 |b T238 
100 |a Taylor, Arlene G. 
245 4 |a The organization of information 
245 0 |c Arlene G. Taylor 
260 |a Westport, Conn. 
260 |b Libraries Unlimited 
260 |c 2004 
520 |a This book provides students, practicing librarians, and others interested in information organization with a clear discussion of the theory, principles, standards, and tools behind the organization of information in all variety of information environments, primarily libraries. Covers the different environments; the formats of functions of retrieval; the history of basic principles; encoding standards; systems and system design; metadata (a new chapter); access points and authority control; subject approaches to organizing information; concepts involved in determining "aboutness"; and arrangement and display. 
650 |a Information organization,Metadata 
904 |i Hiếu 
980 |a Trung tâm Học liệu Trường Đại học Cần Thơ